Text book of surveying (Record no. 9715)

000 -LEADER
fixed length control field 00462nam a2200193 4500
001 - CONTROL NUMBER
control field 9715
003 - CONTROL NUMBER IDENTIFIER
control field BD-DhUET
008 - FIXED-LENGTH DATA ELEMENTS--GENERAL INFORMATION
fixed length control field 150201b xxu||||| |||| 00| 0 eng d
040 ## - CATALOGING SOURCE
Original cataloging agency DLC
Transcribing agency DLC
Modifying agency BD-DhUET
082 ## - DEWEY DECIMAL CLASSIFICATION NUMBER
Classification number 526.9
Item number SHA/1982
100 ## - MAIN ENTRY--PERSONAL NAME
Personal name Shajahan, M.
245 ## - TITLE STATEMENT
Title Text book of surveying
250 ## - EDITION STATEMENT
Edition statement 1st ed.
260 ## - PUBLICATION, DISTRIBUTION, ETC. (IMPRINT)
Place of publication, distribution, etc. Dacca
Name of publisher, distributor, etc. Kazi Mahfuzur Rahman
Date of publication, distribution, etc. 1982
300 ## - PHYSICAL DESCRIPTION
Extent x, 367p.
Other physical details ill.
650 #0 - SUBJECT ADDED ENTRY--TOPICAL TERM
Topical term or geographic name as entry element Surveying
700 ## - ADDED ENTRY--PERSONAL NAME
Personal name Aziz, M. A.
942 ## - ADDED ENTRY ELEMENTS (KOHA)
Koha item type General Book
Holdings
Piece designation (barcode) Location (home branch) Damaged status Koha date last borrowed Price effective from Withdrawn status Koha out on loan Koha full call number Koha date last seen Date acquired Koha issues (times borrowed) Source of classification or shelving scheme Lost status Shelving location Koha item type Koha normalized classification for sorting Copy number Sublocation or collection (holding branch) Not for loan
56198 Central Library, BUET 2024-11-192015-02-01  526.9/SHA/19822025-12-022015-02-017  Circulation sectionGeneral Book526_900000000000000_SHA_19821Central Library, BUET 
56200Central Library, BUET 2024-11-192015-03-24 2024-12-03526.9/SHA/19822024-11-192015-03-248  Circulation sectionGeneral Book526_900000000000000_SHA_19822Central Library, BUET 
56191Central Library, BUET  2015-06-08  526.9/SHA/19822015-06-082015-06-08   Reading sectionReading Item526_900000000000000_SHA_19823Central Library, BUET 
56195Central Library, BUET  2015-06-08  526.9/SHA/19822015-06-082015-06-08   Reading sectionReading Item526_900000000000000_SHA_19824Central Library, BUET 
56192Central Library, BUET  2015-06-09  526.9/SHA/19822015-06-092015-06-09   Reading sectionReading Item526_900000000000000_SHA_19825Central Library, BUET 
56194Central Library, BUET  2015-06-13  526.9/SHA/19822015-06-132015-06-13   Reading sectionReading Item526_900000000000000_SHA_19826Central Library, BUET